[Event "Candidates Tournament"]
[Site "Berlin"]
[Date "2018.03.11"]
[Round "2"]
[White "Ding, Liren"]
[Black "Caruana, Fabiano"]
[Result "1/2-1/2"]
[WhiteElo "2769"]
[BlackElo "2784"]
[Annotator "Marin,M"]
[PlyCount "91"]
[EventDate "2018.03.10"]
[EventType "tourn"]
[EventRounds "14"]
[EventCountry "GER"]
[EventCategory "22"]
[SourceTitle "CBM 184"]
[Source "ChessBase"]
[SourceDate "2018.05.16"]
[SourceVersion "1"]
[SourceVersionDate "2018.05.16"]
[SourceQuality "1"]

1. d4 Nf6 2. c4 e6 3. Nf3 d5 4. g3 Be7 5. Bg2 O-O 6. O-O dxc4 7. Qc2 b6 $5 {
One of the latest trends in the Catalan, not mentioned in older theory books
at all.} 8. Ne5 {This allows an unusual but interesting exchange sacrifice.} ({
The developing} 8. Bg5 {looks more to the point. A recent game went} Nd5 (8...
Ba6 9. Nbd2 Nd5 10. Bxe7 Qxe7 11. Nxc4 Nd7 12. Rac1 c5 13. Qa4 Bb7 14. Qa3 N5f6
15. Rfd1 $14 {Aronian,L (2792)-Fressinet,L (2687) Paris 2016 (½-½, 72) is at
least more pleasant for White, even if he didn't manage to win.}) 9. Bxe7 Qxe7
10. Nbd2 Bb7 11. Nxc4 Nd7 12. a3 c5 13. e4 $5 $146 ({Stronger than} 13. dxc5
Qxc5 14. b4 Qc7 15. Rac1 Rac8 16. Qb2 Qb8 {Gelfand,B (2697)-Deac,B (2549)
Caleta 2018 (½-½, 34), and Black managed to gradually simplify and equalise.}
) 13... N5f6 14. e5 Nd5 15. Rfe1 $14) 8... Qxd4 (8... Nd5 9. Nxc4 {leads to a
comfortable position for White as he has managed to retrieve the pawn by using
his knight, thus avoiding any loss of time with the queen.} Bb7 10. a3 Nc6 11.
e3 b5 12. Ncd2 a5 13. Nc3 Qd7 14. Nce4 $14 {Gorelov,S (2480)-Gorjatchev,V 
(2355) Moscow 1996 (1-0, 25)}) 9. Bxa8 ({I would expect} 9. Nxf7 $5 {to get
some investigating but so far it has been tried only in a game between lower
rated players.} Nd5 $1 10. Ng5 Bxg5 11. Bxg5 {Fiori,H (2127)-Franco,G (2028)
Buenos Aires 2016 (½-½, 51)} Bb7 12. Nc3 Nb4 13. Qd1 Qxd1 14. Rfxd1 Bxg2 15.
Kxg2 N8c6 16. Rac1 $44) 9... Qxe5 10. Bf3 ({It is a good idea to prevent ...
Qh5 followed by ...Ng4, as after, for instance,} 10. Bf4 Qh5 {Black gets a
kingside initiative.} 11. Bf3 (11. Bxc7 Ng4 12. h4 Na6 13. Qxc4 e5 14. Bf3 Nxc7
15. Qxc7 Bxh4 16. Bxg4 Qxg4 $11 {White cannot do much against the threat ...
Bxg3 with a perpetual as after} 17. Qxe5 $2 Bf6 {[%csl Gb2]} 18. Qb5 Bd4 $17 {
[%cal Gg4g3] the bishops are killing, for instance} 19. e3 $6 Bb7 $19) 11...
Ng4 12. Bxg4 Qxg4 $44 13. Nd2 (13. Nc3 Bb7 $44) 13... Qxe2 14. Qxc4 Qxc4 15.
Nxc4 Na6 $15 {Hilverda,A (2385)-Buhmann,R (2615) Austria 2016 (0-1, 52)}) 10...
Nd5 11. Qxc4 {It makes no sense delaying this.} (11. Bd2 {De Carvalho,C (2051)
-Da Silva Borges,R (2269) Florianopolis 2017 (0-1, 49)} Nc6 12. Qxc4 Nd4 $36)
11... Ba6 12. Qb3 $146 ({The usual line goes} 12. Qa4 {and in practice Black's
compensation for the exchange has more than once vanished away.} c5 (12... Bf6
13. Re1 c5 14. Nd2 (14. Na3 b5 15. Nxb5 Nb6 16. Qa5 Nc4 17. Qa4 Nb6 18. Qa5 {
½-½ Cheparinov,I (2677)-Bacrot,E (2692) Monzon 2016}) 14... b5 15. Qc2 Be7
16. Bg2 Nb4 17. Qb1 Rd8 {Meier,G (2648)-Deac,B (2572) Batumi 2018 (½-½, 52):
By the way, this game was played after our main game.} 18. a3 Nd5 19. Nf3 $16)
13. Re1 (13. Na3 $5 b5 $6 {With the bishop on e7 this does not work out
properly.} 14. Nxb5 Nb6 15. Qa5 Nc4 16. Qc7 Bxb5 17. Qxe7 $16) 13... b5 ({
It would have made sense to cut the queen off with} 13... c4) 14. Qe4 Nc6 15.
Nc3 Rd8 16. Rd1 Qxe4 17. Bxe4 Nd4 18. Bxd5 (18. Nxd5 $5 exd5 19. Rxd4 cxd4 20.
Bd3 {Due to the threat a2-a4 Black is likely to lose his extra pawn and be
left with the worse structure. For instance:} Rd6 21. Bf4 Rc6 22. Bb8 $14)
18... b4 19. Bb3 bxc3 20. bxc3 Nxe2+ 21. Kg2 {Aronian,L (2799)-Hou,Y (2652)
Tbilisi 2017 (½-½, 37)} Bd3 $5 $44 {With nice domination for the exchange.})
12... Nc6 13. Qa4 Bb7 {Black's compensation for the exchange is somewhat
different from the standard patterns. He is well developed and has good
control in the centre. Even though White has no weaknesses it is hard for him
to prove an advantage.} 14. Nc3 Nd4 15. Bxd5 exd5 16. Bf4 ({Caruana indicated
the folloing line:} 16. Qxa7 Ba8 17. Bf4 Qh5 18. Qxc7 Nf3+ 19. exf3 d4 {
as satisfactory for Black. We can continue a few more moves to prove him right:
} 20. Ne4 Qxf3 21. Rfe1 Bxe4 22. Rxe4 Qxe4 23. Qxb6 h5 $146 {The strong
central pawn and the kingside initiative surely compensate for the pawn.})
16... Qf6 17. Rad1 (17. Qxa7 Qc6 {causes the white queen trouble.}) 17... c5
18. Be3 {Apparently Black is about to lose stability but he has two possible
combinations based on his strong b7-bishop.} Nf3+ $5 {Caruana played this
after a very long time.} ({The alternative was} 18... Nxe2+ $5 19. Nxe2 d4 20.
Nf4 ({Caruana considered} 20. Bf4 g5 21. f3 gxf4 22. Nxf4 {True, Qd7 and Qxa7
look unpleasant threats while the knight is stable, but the strong central
pawns ensure Black at least equal play.} Rd8 $1 23. Qxa7 $6 Qc6 $15) 20... dxe3
$44 {Ding thought} 21. Qd7 {to be strong but this allows} e2 $1 {as if} 22.
Nxe2 $2 Qf3 $19) 19. exf3 d4 20. f4 ({Caruana was not entirely sure about} 20.
Bf4 dxc3 21. Rfe1 cxb2 22. Qd7 Bxf3 23. Rb1 {but he has more than one good
continuation.} c4 $5 ({He thought} 23... g5 {was compulsory. It is a good move
but if Black wants to reach equality the main move is more convincing.}) 24.
Qxe7 Qxe7 25. Rxe7 c3 26. Bc1 Bd5 {/\...Bxa2} 27. Rxa7 Be4 28. Bxb2 Bxb1 29.
Bxc3 $11) 20... dxc3 ({Caruana was tempted to play} 20... Bf3 21. Bxd4 $1 Qf5 {
but ae the last moment he saw} 22. Nd5 $3 {when suddenly his compensation
would not be very clear.}) 21. bxc3 Bf3 ({This looks logical but} 21... Qe6 {
indicated by Ding was safer.} 22. f5 (22. Qxa7 $2 Qe4) 22... Qxf5 23. f3 Bxf3
24. Qxa7 (24. Qd7 Qh5 {Ding}) 24... Bf6 25. Qxb6 Qe4 26. Bxc5 Qe2 {with enough
compensation for the material and a probable draw due to the exposed white
king.}) 22. Rd3 ({While watching the game I did not understand why Ding
refrained from} 22. Qxa7 {I thought Qd7 would save any trouble next but was
wrong:} Qh6 23. Qd7 (23. h4 Bxh4 $19) 23... f5 $1 {The move I missed.}) (22.
Rd2 $5) 22... Bc6 ({An ambitious approach. Retrieving the exchange would leave
Black a pawn down but with reasonable chances to hold due to his better
structure:} 22... Be2 23. Rfd1 Bxd3 24. Rxd3 Qe6 25. Qxa7 h5 26. h3 Bf6) 23.
Qb3 Qf5 24. c4 Be4 25. Rd2 Qh5 ({Caruana rejected} 25... Qg4 {due to} 26. Bd4
cxd4 27. f3) 26. f3 Bxf3 27. f5 ({Actually, here, too,} 27. Bd4 {was worth
considering, with chances for retaining a small advantage.}) 27... Bc6 {
The game can now be evaluated as positionally balanced.} 28. Qd1 Qh3 29. Rff2
h6 30. Qf1 Qg4 31. Rf4 Qg5 32. Rd3 Qf6 33. Bd2 Ba8 34. h4 Qc6 35. Kh2 Bd6 36.
Rf2 Be5 37. Bc3 Bxc3 38. Rxc3 Re8 39. f6 g6 40. Rcc2 (40. Rd3 $5 {is a bit
more active.}) 40... Re4 41. Rfe2 Qe6 42. Rxe4 Bxe4 43. Rf2 Bf5 44. Qc1 Kh7 45.
Qc3 h5 46. a3 1/2-1/2

[Event "Candidates Tournament"]
[Site "Berlin"]
[Date "2018.03.22"]
[Round "10"]
[White "Ding, Liren"]
[Black "So, Wesley"]
[Result "1/2-1/2"]
[WhiteElo "2769"]
[BlackElo "2799"]
[Annotator "Sadorra,J"]
[PlyCount "61"]
[EventDate "2018.03.10"]
[EventType "tourn"]
[EventRounds "14"]
[EventCountry "GER"]
[EventCategory "22"]
[SourceTitle "CBM 184"]
[Source "ChessBase"]
[SourceDate "2018.05.16"]
[SourceVersion "1"]
[SourceVersionDate "2018.05.16"]
[SourceQuality "1"]

1. d4 d5 2. c4 e6 3. Nc3 Be7 4. Nf3 Nf6 5. Bf4 O-O 6. e3 b6 7. cxd5 Nxd5 8.
Nxd5 Qxd5 9. Be2 $5 {During the interview, Ding said he had studied this move
a few years ago while Wesley struggled to recall his lines.} ({More common
moves are} 9. Bd3) ({And} 9. a3) 9... Bb7 ({Another possible move here is} 9...
Bb4+ 10. Nd2 $1 (10. Kf1 Bd6 11. Ne5 (11. Bg3 Bb7 $36) 11... Ba6 12. Bxa6 Nxa6
13. Qa4 Nb4 {and Black has a strong initiative.} 14. a3 Bxe5 15. Bxe5 Nd3 16.
Bxc7 Nxb2 17. Qa6 {In the game (42) Kozul,Z (2590)-Babula,V (2584) Austria
2013, Black should've continued simply with the natural} Rac8 $1 18. Bf4 (18.
Bg3 Rc2) (18. Qxa7 Qc4+) 18... Rc2 $19 {followed by opening up lines with
f6-e5!}) 10... Bxd2+ 11. Qxd2 Qxg2 12. O-O-O Ba6 13. Rhg1 Qc6+ 14. Kb1 {
White clearly has compensation for the pawn but there is a dynamic struggle
ahead. Recent games have shown that it is easier to play White.} Bxe2 15. Qxe2
f6 (15... g6 $6 16. Ka1 Rc8 17. h4 Qe8 18. h5 $40 Nd7 19. Qf3 (19. Qg4 Nf6 20.
Qg5 Ne4 21. Qg2 $16) 19... a5 20. Rh1 Qe7 21. Bxc7 $14 {0-1 (24) Davtyan,A 
(2298)-Andersen,M (2586) Abu Dhabi 2017}) 16. e4 (16. Rc1 Qe4+ 17. Ka1 Rf7 18.
Bxc7 Nc6 19. Bg3 Rd8 $11 (19... Nxd4 $4 20. Qc4)) 16... Qd7 17. Qc4 (17. d5 $5
e5 18. Be3 (18. Bh6 Rf7) 18... a5 19. Rc1 Na6 20. f3 $14) 17... Qc6 18. Qe2 Qd7
19. Rg3 Nc6 20. Qc4 Ne5 21. Qc2 Rad8 22. Rd2 Nc6 23. Qc4 {1/2-1/2 (23)
Martinovic,S (2563)-Vetoshko,V (2485) Slovakia 2017}) 10. Bxc7 Qa5+ (10... Bb4+
$6 11. Kf1 {now the bishop on b4 looks silly.} Nc6 12. Bf4 Rac8 13. h4 $14 {
Black has a worse version of what happened in the game.}) 11. Kf1 Nd7 12. h4
Rac8 13. Bf4 (13. Bg3 Nf6 14. Bd3 Ne4 15. Bf4 f6 $1 $36 {[%csl Rf1][%cal Ge6e5,
Rf8f2]}) 13... Rfd8 14. Kg1 {This allows Black to clarify the situation and
equalise without problems.} ({During the game, Wes was worried about} 14. a3 $1
{which makes it difficult for Black to break in the centre after} Bxf3 ({
Black will have to content himself with manoeuvring and preparing the break at
the right time with:} 14... Nf6 15. Kg1 Ne4 16. Bd3 (16. Ne1 Ba6 17. Bf3 Nd2
$44) 16... f6 17. Qe2 {and the dynamic battle goes on.}) 15. gxf3 $1 (15. Bxf3
e5 16. Bg3 exd4 17. b4 Qa6+ 18. Be2 b5 19. exd4 Bf6 $36) 15... e5 16. b4 Qd5
17. dxe5 {and Black will have to go into the ending a pawn down.}) 14... Bxf3
$1 15. Bxf3 e5 16. Bg5 Bxg5 ({Wes also considered} 16... f6 17. Qb3+ Kh8 18.
Qf7 {and thought it might be too risky.} Qb4 (18... Bf8 19. Bd5) 19. Be4 $1 {
indeed after} exd4 (19... Nf8 20. h5 fxg5 21. h6 $40 {White will have at least
a draw somewhere e.g.} Bf6 22. hxg7+ Bxg7 23. Bxh7 Nxh7 24. Qf5 Kg8 25. Qxh7+
Kf8 26. Qf5+) 20. exd4 $1 {White has unpleasant pressure} Qxd4 21. Bh6 Bf8 (
21... f5 22. Bxf5 $36) 22. Bd5) 17. hxg5 exd4 18. Qxd4 (18. g6 $5 hxg6 $1 19.
Qxd4 Qg5 20. Qh4 Qxh4 21. Rxh4 Ne5 $15) 18... Qxg5 ({During one live game
commentary, I remember there was a suggestion to keep the game alive and
fighting after} 18... Nf8 $5 19. Qe4 $1 (19. Qh4 Rd2 $1 20. b4 (20. b3 Qe5)
20... Qe5 $1 21. Rf1 Rxa2 {and White has an unpleasant defence ahead.}) 19...
Rd2 $13 {with a complex game, but it's still not clear whether Black has
enough to give White real problems.} (19... Qxg5 20. Rh5 Qf6 21. Rb1 {there's
still not so much pressure from Black to work with.})) (18... Ne5 19. Qh4 Nxf3+
20. gxf3 Qf5 $11) 19. Rh5 Qf6 20. Rd5 Qxd4 21. Rxd4 {Equilibrium is reached as
Black gains back his pawn and White gains coordination among his pieces.} Ne5
22. Bd5 ({An attempt to create imbalance is} 22. Bb7 Rxd4 23. exd4 Rc7 24. Ba6
Ng4 $1 25. d5 Nf6 (25... Kf8 $2 26. d6 Rd7 27. Bc8 $18) 26. Rd1 (26. d6 Rd7)
26... Ne8 $11 {and it may be easier for Black to play this due to a blockade
on d6 and a potential outside passed h-pawn.} (26... Rd7 $5)) 22... Nc6 23.
Rdd1 Kf8 {Since neither side has any weaknesses and Black has a more active
king, White cannot exploit his superior minor piece, Ding decides to simplify
and the game inevitably fizzles out to a draw.} 24. Bxc6 Rxd1+ 25. Rxd1 Rxc6
26. Rd7 Rc2 27. Rxa7 Rxb2 28. a4 Ra2 29. Rb7 Ra1+ 30. Kh2 Rxa4 31. Rxb6 1/2-1/2

[Event "Candidates Tournament"]
[Site "Berlin"]
[Date "2018.03.23"]
[Round "11"]
[White "Ding, Liren"]
[Black "Grischuk, Alexander"]
[Result "1/2-1/2"]
[WhiteElo "2769"]
[BlackElo "2767"]
[Annotator "Postny,E"]
[PlyCount "192"]
[EventDate "2018.03.10"]
[EventType "tourn"]
[EventRounds "14"]
[EventCountry "GER"]
[EventCategory "22"]
[SourceTitle "CBM 184"]
[Source "ChessBase"]
[SourceDate "2018.05.16"]
[SourceVersion "1"]
[SourceVersionDate "2018.05.16"]
[SourceQuality "1"]

1. c4 c5 2. Nf3 Nf6 3. Nc3 Nc6 4. e3 e6 5. d4 d5 6. a3 dxc4 ({Black can also
continue to play symmetrically:} 6... a6 7. dxc5 Bxc5 8. b4 Ba7 (8... Bd6 9.
Bb2 O-O 10. cxd5 exd5 11. Be2 {White has got slight pressure against the
isolated pawn.} Be6 12. O-O Qe7 13. Rc1 $14 {1/2-1/2 (27) Svidler,P (2768)
-Anand,V (2767) Wijk aan Zee 2018}) 9. Bb2 O-O 10. h3 h6 11. Rc1 Re8 12. Bd3
dxc4 13. Bxc4 Qxd1+ 14. Rxd1 b5 15. Bd3 Bb7 $11 {1-0 (64) So,W (2822)-Karjakin,
S (2783) Shamkir 2017}) (6... cxd4 7. exd4 {can transpose to the Panov Attack
of the Caro-Kann.}) 7. Bxc4 {The game has transposed to a kind of Queen's
Gambit Accepted.} a6 8. O-O b5 9. Ba2 (9. Bd3 Bb7 10. dxc5 Bxc5 11. b4 Bd6 12.
Ne4 Nxe4 13. Bxe4 f5 14. Bxc6+ Bxc6 15. Bb2 O-O 16. Be5 Bxf3 17. Qxd6 Qxd6 18.
Bxd6 Rfd8 19. Bc5 Be2 20. Rfc1 Rd5 $11 {1/2-1/2 (34) Kamsky,G (2714)-Ivanchuk,
V (2787) Moscow 2007}) 9... Bb7 10. Qe2 Qc7 (10... cxd4 $6 11. Rd1 {[%cal
Ge3d4,Gd4d5] and White might get a potentially dangerous "isolani", while
Black's development is still incomplete.}) 11. Bd2 (11. d5 exd5 12. Nxd5 Nxd5
13. Bxd5 Bd6 $11) 11... Be7 $146 (11... Rd8 12. Rfc1 cxd4 13. exd4 Be7 14. d5
exd5 15. Bg5 O-O 16. Bxf6 Bxf6 17. Nxd5 Qd6 18. Re1 Nd4 19. Nxf6+ Qxf6 20. Nxd4
Rxd4 $11 {1/2-1/2 (37) Nepomniachtchi,I (2751)-Gelfand,B (2695) Moscow 2018})
12. Rac1 (12. dxc5 Bxc5 13. Rac1 Bd6 14. Bb1 O-O 15. Ne4 Nxe4 16. Bxe4 Rac8 {
The structure is symmetrical and the position is equal. The following standard
sacrifice doesn't really work:} 17. Bxh7+ $6 (17. Bc3 h6 18. Bb1 Rfd8 19. Qc2
g6 $11) 17... Kxh7 18. Ng5+ Kg6 (18... Kg8 $4 19. Qh5 Rfe8 20. f4 $1 {would
lead Black to a disaster.}) 19. f4 f5 $1 20. Nxe6 Qf7 21. Nxf8+ Bxf8 {and
Black's minor pieces might overcome White's rook plus a couple of pawns.})
12... c4 $1 {Blocking the c-file and seizing space on the queenside. On the
other hand White now gets more play in the centre.} 13. e4 Rd8 14. Be3 Ng4 15.
e5 Na5 $2 {Opening the long diagonal for the light-squared bishop, but
releasing the pressure from Pd4.} (15... O-O 16. Rcd1 Nxe3 17. fxe3 Nb8 $1 {
I like this manoeuvre. Opening the diagonal for the bishop and transferring
the knight to d7, then maybe to b6 and d5.} 18. Bb1 Nd7 {The position is
double-edged. White has some attacking potential on the kingside, but at some
point Black can play f7-f6, undermining White's central pawn chain.}) (15... f5
$1 {Looks risky at first sight, but probably the best.} 16. a4 (16. exf6 $4 {
loses right away to} Nxd4 $1 17. Bxd4 Bxf3 $19 {[%cal Gc7h2]}) 16... Nb4 17. b3
Nxa2 18. Nxa2 Nxe3 19. fxe3 O-O 20. bxc4 b4 {with great compensation for the
pawn.}) 16. Bf4 {Of course. Now the knight on g4 looks ridiculous and soon
will be kicked back to h6.} Qb6 17. Rcd1 h5 18. h3 Nh6 19. Bb1 Nb3 20. Be3 Qc7
21. Rfe1 {Black is in big trouble. He can't castle to the kingside, so his
king is stuck in the centre. The seemingly strong knight on b3 is basically
doing nothing.} Kf8 22. d5 {The Chinese grandmaster is going for the direct
breakthrough.} ({It was also possible to improve the position even more by} 22.
Bc2 {Actually it's difficult to propose even one sensible move for Black.})
22... exd5 23. e6 $6 (23. Nd4 Qxe5 24. Nxb3 cxb3 25. Qd2 {with a huge
advantage.}) 23... fxe6 (23... Ng4 $2 {is an interesting tactical chance.} 24.
Bg5 $1 Bxg5 25. hxg4 hxg4 26. exf7 {[%cal Ge2e8]} Be7 27. Ne5 Rd6 28. Qxg4 Rdh6
29. Ng6+ Rxg6 30. Bxg6 Qh2+ 31. Kf1 d4 32. Ne4 d3 33. f3 $18) 24. Ng5 Qd7 $2 (
24... Qc6 $1 {[%cal Gd5d4] was a great chance to create a counterplay. White
is better, but the variations are really complicated:} 25. Qxh5 Bxg5 26. Bxg5
Nf7 27. Qg4 Re8 28. Bg6 d4 29. Ne4 e5 30. f4 $1 d3 $1 (30... Qxg6 $2 31. Be7+
$18 {[%cal Gg4g6]}) 31. fxe5 Rxe5 32. Bxf7 Kxf7 33. Qf4+ Ke6 34. Bh4 $1 Re8 (
34... Rxe4 35. Rxe4+ Qxe4 36. Re1 $16) (34... Rxh4 35. Qxh4 $16) 35. Qg4+ Kf7
36. Rf1+ Kg8 37. Nf6+ Kh8 38. Nxe8 Qxe8 39. Bf6 $1 gxf6 40. Rxf6 Re1+ 41. Rxe1
Qxe1+ 42. Kh2 Qe5+ 43. Rf4 Nd2 44. Qh4+ Kg8 45. Kh1 $1 Bxg2+ 46. Kxg2 Qe2+ 47.
Qf2 $18) 25. Bg6 $1 Bf6 26. Bb6 $1 {Marvellous work by the bishops.} Rc8 (26...
Bxg5 27. Bxd8 Bxd8 28. Qxe6 Qxe6 29. Rxe6 Be7 30. Nxd5 Bxd5 31. Rxd5 Nf7 32.
Rd7 $18) 27. Nxe6+ Kg8 28. Nxd5 Bxd5 29. Nf4 ({The idea Nd8 was winning on the
spot:} 29. Nd8 $1 $18 {[%cal Ge2e8]}) (29. Rxd5 $1 Qxd5 30. Nd8 $1 {[%cal
Ge2e8] and mate is coming.}) 29... Nc1 $1 {This surprising move is the
beginning of Grischuk's comeback to the game.} 30. Qxh5 ({Keeping the queen on
the e-file was winning quickly:} 30. Qe3 Nd3 31. Nxd5 $18) (30. Rxc1 {would
allow Black to save his bishop} Bf7 {though he is also lost here.}) 30... Nd3
31. Nxd5 Nf7 32. Qe2 $2 (32. Nxf6+ gxf6 33. Bxf7+ Qxf7 34. Qg4+ Kh7 35. Qf5+
Kg7 36. Re4 $18) 32... Nfe5 {Now the position is becoming less clear. White is
still winning, but already has to deal with a couple of strong black knights.}
(32... Qxd5 $4 33. Qe8+ Rxe8 34. Rxe8#) 33. Be4 Rh4 34. f4 Rxf4 $1 35. Nxf4 (
35. Qe3 $1 Rxe4 36. Qxe4 {was a more precise way to take the exchange.}) 35...
Nxf4 36. Bh7+ $1 Kh8 37. Qe4 Qc6 38. Bd4 $2 {Ding should have taken that
annoying knight.} (38. Qxf4 Kxh7 39. Bd4 Nd3 40. Qf5+ Kg8 41. Bxf6 Nxe1 42.
Rxe1 gxf6 43. Kf1 $1 {avoiding the exchange of queens after ...Qc5. Now the
material is equal, but Black's king is too vulnerable.}) 38... Nxh3+ $2 ({After
} 38... Ned3 {Black would be already okay. His knights are powerful and
compensate for the lack of the exchange.}) 39. Kh2 (39. gxh3 Nf3+ 40. Kh1 Nxe1
41. Bxf6 Qxe4+ 42. Bxe4 gxf6 43. Rxe1 c3 44. bxc3 Rxc3 45. Kg2 {I don't think
that White can win this endgame against the best play.}) (39. Kf1 $1 Qxe4 (
39... Ng5 40. Qxc6 Rxc6 41. Bc2 Ngf7 42. Bxe5 Nxe5 43. Rxe5 $18) 40. Bxe4 Nf4
41. Bf5 $18) 39... Ng5 40. Qxc6 Rxc6 41. Bc2 {So, the players have reached the
time control and the dust has settled a bit. White still has a winning
position, but it is by no means an easy win.} Ngf7 42. Bxe5 $2 (42. Bc3 Kg8 43.
Rd5 Re6 44. Kg3 {Just to avoid any possible check on g4.} Kf8 45. a4 bxa4 46.
Bxa4 Rb6 47. Rc5 $18) 42... Nxe5 43. Rd5 (43. Rxe5 $4 Bxe5+ {Check! That's the
downside of 39.Kh2. Probably Ding simply missed that?! Otherwise the exchange
on e5 doesn't make even the slightest sense.}) 43... Re6 {The knight on e5 is
well protected.} 44. Kh3 Kg8 45. b3 $6 {The whole idea is wrong. The exchange
of pawns improves Black's chances.} ({The right plan would be to try to sneak
into Black's camp via the light squares, namely:} 45. Bf5 Re8 46. Rd6 Ra8 47.
Be4 Ra7 48. Bd5+ Kf8 49. Re6 {with good winning chances.}) 45... Kf7 46. bxc4
$6 (46. Re4 Ke7 47. a4 cxb3 48. Bxb3 Nc4 49. Rxe6+ Kxe6 50. Rh5 {was more
troublesome for Black.}) 46... Nxc4 47. Rd7+ Be7 48. Rxe6 Kxe6 49. Ra7 Nxa3 {
Now Black is fairly safe. Only one white pawn remains on the board.} 50. Rxa6+
Kd5 51. Bh7 Nc4 52. Kg4 Bf6 53. Ra7 Kd4 54. Bg8 Nd6 55. Kf3 Kc5 {Grischuk has
managed to construct an ideal defensive setup. All his pieces are well
protected. White can't win.} 56. Ra8 b4 57. Ke2 Bc3 58. Kd3 Kb6 59. Ke3 Kc6 60.
Kf4 Nb7 61. Kf5 Nc5 62. g4 Kb5 63. g5 b3 {A reasonable stand-by move would
also be okay, but there is no reason not to push the pawn forward.} 64. Kg6 Kb4
65. Bd5 Bd4 66. Kh7 Kc3 67. g6 b2 68. Ba2 Kc2 69. Rb8 Ne4 70. Rb4 Nc3 71. Be6
Kc1 72. Bf5 Be5 73. Rb7 b1=Q {An engine would indicate that this is a mistake,
but it's not. The position remains drawish.} (73... Bd4 {was another path to
split the point.} 74. Rxg7 Bxg7 75. Kxg7 Ne2 (75... Nd5 76. Kf7 Ne3 77. Be4 Nc2
78. Bxc2 Kxc2 79. g7 b1=Q 80. g8=Q $11) 76. Kf6 Nf4 77. g7 Nh5+ $11) 74. Bxb1
Nxb1 75. Rxg7 Nc3 76. Re7 Bd4 77. Rd7 Be5 78. Kh6 Kc2 79. Kg5 Kb3 80. Kf5 Bh8
81. Rb7+ Kc2 82. Rh7 Bd4 83. Ke6 Kb3 84. Rd7 Bh8 85. Rd8 Bg7 86. Kf7 Be5 87.
Re8 Bd4 88. Rb8+ Kc2 89. Rb7 Be5 90. Rb6 Bd4 91. Rf6 Bxf6 92. Kxf6 Nd5+ 93. Kf7
Ne3 $1 94. Kf6 Nd5+ 95. Kf7 Ne3 96. g7 Nf5 {A miraculous escape for Grischuk!}
1/2-1/2